How to Develop Self-Confidence & Influence People by Public Speaking

Bibliographic Details
Main Author: Carnegie, Dale (Author)
Format: Book
Published: New Delhi : FINGERPRINT! CLASSICS 2020
Subjects:

MARC

LEADER 00000cam a2200000 7i4500
001 0000311365
005 20241025161158.0
007 t
008 240418s2020 ii # ###
020 |a 9788175994720 
040 |a MBPJ   |b eng   |c MBPJ   |e rda 
090 0 0 |a 808.5   |b CAR 
100 0 |a Carnegie, Dale ,   |e author 
245 1 0 |a How to Develop Self-Confidence & Influence People by Public Speaking   |c Dale Carnegie 
264 1 |a New Delhi :   |b FINGERPRINT! CLASSICS   |c 2020 
300 |a 239 pages ;   |c 20 cm. 
336 |a text  |2 rdacontent 
337 |a unmediated  |2 rdamedia 
338 |a volume  |2 rdacarrier 
650 0 |a Communication 
650 0 |a Personal development 
650 0 |a Public speaking 
999 |a 00411495   |b BUKU   |c PINJAMAN   |e PERPUSTAKAAN KOMUNITI PETALING JAYA